| 000 | 01005nam a2200289 i 4500 | ||
|---|---|---|---|
| 999 |
_c200452423 _d70635 |
||
| 001 | 200452423 | ||
| 003 | TR-AnTOB | ||
| 005 | 20230307160053.0 | ||
| 007 | ta | ||
| 008 | 210225b tu d 000 0 tur d | ||
| 035 | _a(TR-AnTOB)200452423 | ||
| 040 |
_aTR-AnTOB _beng _erda _cTR-AnTOB |
||
| 041 | 0 | _atur | |
| 050 | 1 | 4 |
_aHD9259.A673 _bM35 |
| 090 |
_aHD9259.A673 _bM35 |
||
| 245 | 0 | 0 |
_aMalatya kayısı işleme değerlendirme imkanları araştırması : _bsonuç ve öneriler. |
| 264 | 1 |
_aAnkara : _bTürk Mühendislik, Müşavirlik ve Müteahhitlik, _c[date of publication not identified] |
|
| 300 |
_a20 pages : _btables ; _c30 cm |
||
| 336 |
_atext _btxt _2rdacontent |
||
| 337 |
_aunmediated _bn _2rdamedia |
||
| 338 |
_avolume _bnc _2rdacarrier |
||
| 650 | 7 |
_aKayısı endüstrisi _zTürkiye _zMalatya _2etuturkob _9135356 |
|
| 710 | 2 |
_aDevlet Planlama Teşkilatı (Turkey). _bMüsteşarlık Araştırma Grubu _9141039 |
|
| 942 |
_2z _cBK |
||